[Event "TUN-ch Prel"]
[Site "Monastir"]
[Date "2024.12.26"]
[Round "9"]
[White "Raghavendran, Anuradha"]
[Black "Bourari, Mohamed Alaa"]
[Result "0-1"]
[WhiteElo "1448"]
[BlackElo "1499"]
[PlyCount "137"]
[EventDate "2024.12.21"]
[EventType "swiss"]
[EventRounds "9"]
[EventCountry "TUN"]
[SourceTitle "CB02_2025"]
[SourceDate "2025.01.08"]
[SourceVersion "1"]
[SourceVersionDate "2025.01.08"]
[SourceQuality "1"]

1. c4 Nf6 2. g3 e6 3. Nc3 d5 4. cxd5 exd5 5. d4 Be7 6. Bg2 0-0 7. Bg5 c6 8. Nf3 h6 9. Bxf6 Bxf6 10. 0-0 Bf5 11. h3 Nd7 12. g4 Bh7 13. Kh1 Qb6 14. Qd2 Rfe8 15. e3 Qc7 16. Nh2 Nb6 17. b3 a5 18. Rac1 Qd7 19. f4 a4 20. Nf3 axb3 21. axb3 Qe7 22. Rce1 Nc8 23. Qf2 Nd6 24. h4 Ne4 25. Nxe4 dxe4 26. g5 exf3 27. Bxf3 hxg5 28. fxg5 Bxg5 29. hxg5 Qxg5 30. Rg1 Qh6+ 31. Qh2 Qxh2+ 32. Kxh2 Ra3 33. Bd1 Be4 34. Re2 Bd5 35. Rd2 Bxb3 36. Rd3 Ra2+ 37. Kh1 Bxd1 38. Rgxd1 Re2 39. Rb1 Re7 40. Rbb3 Kh7 41. Kg1 b5 42. Kf1 Rc2 43. Ke1 Ra7 44. Rb1 Rh2 45. Kd1 Raa2 46. Kc1 Rh1+ 47. Rd1 Rhh2 48. Rd3 Rh1+ 49. Rd1 Rxd1+ 50. Kxd1 g5 51. Rc1 g4 52. Ke1 b4 53. Rxc6 b3 54. Kd1 g3 55. Rc5 g2 56. Rg5 g1Q+ 57. Rxg1 Ra1+ 58. Kd2 Rxg1 59. Kc3 Rg3 60. Kxb3 Rxe3+ 61. Kc4 Re1 62. d5 f5 63. d6 Rd1 64. Kc5 f4 65. Kc6 f3 66. d7 Rxd7 67. Kxd7 f2 68. Kd6 f1Q 69. Kd5 0-1

[Event "TUN-ch Prel"]
[Site "Monastir"]
[Date "2024.12.25"]
[Round "7"]
[White "Raghavendran, Anuradha"]
[Black "Msalmi, Hamed"]
[Result "0-1"]
[WhiteElo "1448"]
[BlackElo "1747"]
[PlyCount "80"]
[EventDate "2024.12.21"]
[EventType "swiss"]
[EventRounds "9"]
[EventCountry "TUN"]
[SourceTitle "CB02_2025"]
[SourceDate "2025.01.08"]
[SourceVersion "1"]
[SourceVersionDate "2025.01.08"]
[SourceQuality "1"]

1. c4 Nf6 2. Nc3 g6 3. g3 Bg7 4. Bg2 0-0 5. d4 d6 6. Nf3 c6 7. 0-0 Nbd7 8. Qc2 e5 9. dxe5 dxe5 10. Rd1 Qc7 11. b3 Re8 12. h3 Nc5 13. Nh4 Ne6 14. Nf3 Nh5 15. e3 f5 16. Ba3 Qa5 17. Bd6 e4 18. Nd4 Nxd4 19. exd4 e3 20. fxe3 Rxe3 21. b4 Qd8 22. c5 Bd7 23. Kh2 f4 24. Rd3 fxg3+ 25. Kh1 Qe8 26. Rxe3 Qxe3 27. Ne2 Re8 28. Qc4+ Be6 29. Qc2 Bd5 30. Bxd5+ cxd5 31. Ng1 Bxd4 32. Rf1 Nf6 33. Bf4 Qe6 34. Bxg3 Ne4 35. Qg2 Qa6 36. Qf3 Nxg3+ 37. Qxg3 Qxf1 38. Qg4 Bxg1 39. Qxg1 Qxh3+ 40. Qh2 Re1# 0-1

[Event "TUN-ch Prel"]
[Site "Monastir"]
[Date "2024.12.24"]
[Round "6"]
[White "Ben Salha, Ahmed"]
[Black "Raghavendran, Anuradha"]
[Result "0-1"]
[WhiteElo "1694"]
[BlackElo "1448"]
[PlyCount "78"]
[EventDate "2024.12.21"]
[EventType "swiss"]
[EventRounds "9"]
[EventCountry "TUN"]
[SourceTitle "CB02_2025"]
[SourceDate "2025.01.08"]
[SourceVersion "1"]
[SourceVersionDate "2025.01.08"]
[SourceQuality "1"]

1. d4 d5 2. c4 c6 3. Nf3 Nf6 4. g3 Bf5 5. Bg2 g6 6. 0-0 Bg7 7. Nc3 0-0 8. cxd5 cxd5 9. Qb3 b6 10. Ne5 e6 11. Bf4 Nh5 12. Rfd1 Nxf4 13. gxf4 f6 14. Nd3 Nc6 15. Bxd5 exd5 16. Nxd5 Kh8 17. N3b4 Nxb4 18. Nxb4 a5 19. Nc6 Qd6 20. Qf3 Rfe8 21. Ne5 fxe5 22. dxe5 Qe7 23. e4 Be6 24. Rd6 Qf7 25. Rad1 Bxe5 26. Rxb6 Bxf4 27. Qc3+ Kg8 28. Rc6 Qe7 29. Rc1 Qg5+ 30. Kh1 Bxc1 31. Rc7 Re7 32. Rc5 Qd2 33. Qf6 Qe1+ 34. Kg2 Qxe4+ 35. f3 Qb7 36. Rxc1 Rf8 37. Qc3 Rxf3 38. Qxf3 Bd5 39. Rc8+ Kg7 0-1

[Event "TUN-ch Prel"]
[Site "Monastir"]
[Date "2024.12.23"]
[Round "4"]
[White "Ben Khalifa, Yassin"]
[Black "Raghavendran, Anuradha"]
[Result "0-1"]
[WhiteElo "1644"]
[BlackElo "1448"]
[PlyCount "108"]
[EventDate "2024.12.21"]
[EventType "swiss"]
[EventRounds "9"]
[EventCountry "TUN"]
[SourceTitle "CB02_2025"]
[SourceDate "2025.01.08"]
[SourceVersion "1"]
[SourceVersionDate "2025.01.08"]
[SourceQuality "1"]

1. d4 d5 2. Bf4 Nf6 3. e3 c5 4. c3 Bf5 5. Nf3 Nc6 6. Nbd2 cxd4 7. exd4 g6 8. Nh4 Bg4 9. Nhf3 Nh5 10. Bg5 h6 11. Be3 Bg7 12. h3 Bxf3 13. Nxf3 0-0 14. Bd3 e5 15. Bc2 e4 16. g4 exf3 17. gxh5 Qf6 18. hxg6 fxg6 19. Qd3 Ne7 20. 0-0-0 Nf5 21. Bf4 Qc6 22. h4 h5 23. Rdg1 b5 24. Kb1 b4 25. cxb4 Nxd4 26. Rxg6 Qxc2+ 27. Qxc2 Nxc2 28. Rxg7+ Kxg7 29. Be5+ Kh7 30. Kxc2 Rac8+ 31. Kb3 Rf5 32. Bd4 Rc4 33. Bxa7 Rff4 34. Bc5 Rce4 35. a4 d4 36. Kc4 Re2 37. Rh2 Rxb2 38. Bxd4 Rd2 39. Rh1 Rdxd4+ 40. Kc5 Rxb4 41. Rd1 Rfc4+ 42. Kd5 Rxa4 43. Rd3 Rxh4 44. Rxf3 Rhf4 45. Re3 Rxf2 46. Re7+ Kg6 47. Re6+ Rf6 48. Re1 Rf5+ 49. Kc6 Rc4+ 50. Kd6 Rcc5 51. Re6+ Rf6 52. Rxf6+ Kxf6 53. Kxc5 h4 54. Kd4 h3 0-1

[Event "EGY-ch (Women)"]
[Site "Cairo"]
[Date "2024.04.17"]
[Round "1"]
[White "Raghavendran, Anuradha"]
[Black "Gamal Eldin, Fatma"]
[Result "0-1"]
[WhiteElo "1463"]
[BlackElo "1726"]
[PlyCount "192"]
[EventDate "2024.04.17"]
[EventType "swiss"]
[EventRounds "9"]
[EventCountry "EGY"]
[SourceTitle "CBM 220 Extra"]
[Source "ChessBase"]
[SourceDate "2024.07.31"]
[SourceVersion "1"]
[SourceVersionDate "2024.07.31"]
[SourceQuality "1"]

1. c4 Nf6 2. Nc3 g6 3. Nf3 Bg7 4. d4 0-0 5. g3 Na6 6. Bg2 d6 7. 0-0 Rb8 8. a3 c5 9. Nb5 Bd7 10. Nxa7 Qb6 11. Nb5 Bxb5 12. Qb3 cxd4 13. cxb5 Nc5 14. Qd1 e5 15. b4 Nce4 16. e3 dxe3 17. Bxe3 Qxb5 18. Rc1 Rfc8 19. Qb3 Qe8 20. Bh3 Rxc1 21. Rxc1 d5 22. Bg5 Nxg5 23. Nxg5 h6 24. Nf3 e4 25. Nd4 Qe5 26. Ne2 d4 27. Rc5 Qd6 28. Rc4 d3 29. Nc3 Re8 30. Nb5 Qe5 31. Rc7 Rf8 32. a4 Nd5 33. Rc5 Rd8 34. Nc7 Qa1+ 35. Kg2 d2 36. Bg4 Nc3 37. Nb5 d1Q 38. Bxd1 Nxd1 39. Rc7 Qf6 40. Qc2 Qf3+ 41. Kg1 Nb2 42. Rc8 Rxc8 43. Qxc8+ Kh7 44. Nd6 Nd3 45. Qc2 Ne1 46. Qxe4 Be5 47. Qxb7 Bxd6 48. Qxf3 Nxf3+ 49. Kg2 Nd4 50. b5 Bc5 51. Kf1 Bb4 52. f4 Kg7 53. Kf2 Ne6 54. Ke3 Nc5 55. b6 Nxa4 56. b7 Bd6 57. Kd4 Kf6 58. Kd5 Ke7 59. Kc6 Nc5 60. Kb6 Nd7+ 61. Ka7 Kf6 62. Ka6 Kf5 63. Kb5 Nc5 64. Kc6 Nxb7 65. Kxb7 Bc5 66. Kc6 Bg1 67. h3 Bf2 68. Kd7 Bxg3 69. Ke7 f6 70. Kf7 Bxf4 71. Ke7 Be5 72. Kd7 Kg5 73. Kc6 Kh4 74. Kd5 Kxh3 75. Ke4 Kg3 76. Ke3 h5 77. Ke2 h4 78. Kf1 Bd4 79. Ke2 h3 80. Kf1 h2 81. Ke2 h1Q 82. Kd3 Be5 83. Kc4 Qe4+ 84. Kc5 Bd4+ 85. Kd6 f5 86. Kc7 Qe6 87. Kb7 Qd6 88. Kc8 f4 89. Kb7 f3 90. Ka8 Qc6+ 91. Kb8 Be5+ 92. Ka7 Qc7+ 93. Ka6 f2 94. Kb5 f1Q+ 95. Ka4 Qb1 96. Ka3 Qa5# 0-1